• 首页
  • 本馆介绍
  • 公告通知
  • 最新文献
  • 馆藏检索
  • 电子资源
  • 读者导购
  • 参考咨询
  • 我的图书馆
  • 登录
  • 详细信息显示
  • 放入我的书架
  • 预约/预借图书
  • 作者相关作品
  • 分类相关作品
  • 丛书相关作品
  • 出版社相关作品

书目信息

  • 表格格式
  • 工作单格式
  • 卡片格式
题名:
果品贮藏保鲜实用技术
    
 
作者: 蒋如生 编著
分册:  
出版信息: 天津   天津科学技术出版社  1995
页数: 133页
开本: 19cm
丛书名:
单 册:
中图分类: S660.9
科图分类:
主题词: 果品--食品保鲜
电子资源:
ISBN: 978-7-5308-1812-1
000 00642nam0 2200217 450
001 0100524054
005 20101119110508.0
010    @a978-7-5308-1812-1@dCNY4.80
100    @a20021005d1995 em y0chiy0110 ea
101 0  @achi
102    @aCN@b120000
105    @ay z 000yy
106    @ar
200 1  @a果品贮藏保鲜实用技术@9Guo Pin Zhu Cang;Zang Bao Xian Shi Yong Ji Shu;Zhu @f蒋如生等编著@b专著
210    @a天津@c天津科学技术出版社@d1995
215    @a133页@d19cm
606 0  @a果品@x食品保鲜
690    @aS660.9@v3
701  0 @a蒋如生@9jiang ru sheng@4编著
801  0 @aCN@bAiZhiMarc@c19950702
905    @aBZT@dS660.9@e14@f8@sS660.9/14
    
    果品贮藏保鲜实用技术/蒋如生等编著.-天津:天津科学技术出版社,1995
    133页;19cm
    
    
    ISBN 978-7-5308-1812-1:CNY4.80
    
●
相关链接 在五车中查询图书 在当当中查询图书 在豆瓣中查询图书


正题名:果品贮藏保鲜实用技术     索取号:S660.9/14         预约/预借

序号 登录号 条形码 馆藏地/架位号 状态 备注
1 2000116555   2000116555   旧书回溯/ [索取号:S660.9/14] 在馆    
2 2000116556   2000116556   旧书回溯/ [索取号:S660.9/14] 在馆    
3 2000116557   2000116557   旧书回溯/ [索取号:S660.9/14] 在馆    
4 2000116558   2000116558   旧书回溯/ [索取号:S660.9/14] 在馆    
5 2000116559   2000116559   旧书回溯/ [索取号:S660.9/14] 在馆    
6 2000141579   2000141579   旧书回溯/ [索取号:S660.9/14] 在馆    
7 2000141580   2000141580   旧书回溯/ [索取号:S660.9/14] 在馆    
8 2000141581   2000141581   旧书回溯/ [索取号:S660.9/14] 在馆    
山东省滨州职业学院图书馆 欢迎您!
大连网信软件有限公司© 版权所有